00957nam a2200277 4500003000400000005001700004008004100021020001500062040002000077041000800097050002100105100001600126245008700142264005900229300001800288336002200306337002400328338002400352490002800376500002900404650005200433650004600485650004700531650005200578700004900630OSt20260530113905.0260417b2001 -cn |||| |||| 00| 0 spa d a8449312485 aICIbspa cICI  aspa aHD2755.5 bK55181 aNaomi Klein10a No logo :bel poder de las marcas / cNaomi Klein ; traduccion de Alejandro Jockl 1bPaidos,cdeposito legal 2001aBarcelona ; aMéxico : a559 páginas atexto2rdacontent asin medio2rdamedia avolumen2rdacarrier aPaidos contextos ; v61 aTraducción de: No logo 2Empresas internacionales xAspectos políticos 2Empresas internacionalesxOpinion publica 2 Productos de marca xAspectos políticos 2 Productos de marca registradaxOpinion publica aJockl, Alejandroetraductorq(Jockl Rueda),